Akadémiánk és a keleti filológia

Elmentve itt :
Bibliográfiai részletek
Szerző: Németh Gyula
Dokumentumtípus: Cikk
Megjelent: Magyar Tudományos Akadémia Budapest 1928
Kulcsszavak:Keletkutatás - Magyarország
Tárgyszavak:
Online Access:http://misc.bibl.u-szeged.hu/64016
LEADER 00725nab a2200205 i 4500
001 misc64016
005 20220929103000.0
008 220909s1928 hu o 0|| hun d
040 |a SZTE Miscellanea Repozitórium  |b hun 
041 |a hun 
100 1 |a Németh Gyula 
245 1 0 |a Akadémiánk és a keleti filológia  |h [elektronikus dokumentum] /  |c  Németh Gyula 
260 |a Magyar Tudományos Akadémia  |b Budapest  |c 1928 
300 |a 18 p.  |c 24 cm 
561 |a Németh Gyula hagyaték 
591 |a NOA 4180; 23545/1928/29/965 
650 4 |a Bölcsészettudományok 
650 4 |a Nyelvek és irodalom 
695 |a Keletkutatás - Magyarország 
856 4 0 |u http://misc.bibl.u-szeged.hu/64016/1/4180_noa.pdf  |z Dokumentum-elérés